Central Library OPAC University of Rajshahi

সংস্কৃত শব্দশাস্ত্রের মূলকথা / (Record no. 52499)

MARC details
000 -LEADER
fixed length control field 00922nam a2200229 a 4500
001 - CONTROL NUMBER
control field 52499
003 - CONTROL NUMBER IDENTIFIER
rucl marc code BD-RjUL
005 - DATE AND TIME OF LATEST TRANSACTION
control field 20211209075822.0
008 - FIXED-LENGTH DATA ELEMENTS--GENERAL INFORMATION
fixed length control field 160921s1957 ii ||||| |||| 00| 0 ben d
020 ## - INTERNATIONAL STANDARD BOOK NUMBER
Terms of availability : Tk. 5.00
035 ## - SYSTEM CONTROL NUMBER
System control number (BD-RjUL)52619
040 ## - CATALOGING SOURCE
Original cataloging agency BD-RjUL
Language of cataloging ben
Transcribing agency BD-RjUL
041 ## - LANGUAGE CODE
Language code of text/sound track or separate title ben
082 ## - DEWEY DECIMAL CLASSIFICATION NUMBER
Edition number 23
Classification number 491.25
Author mark and year SES 1957
100 1# - MAIN ENTRY--PERSONAL NAME
Personal name সেনগুপ্ত, শৈলেন্দ্রনাথ
9 (RLIN) 157005
245 10 - TITLE STATEMENT
Title সংস্কৃত শব্দশাস্ত্রের মূলকথা /
Statement of responsibility, etc. শৈলেন্দ্রনাথ সেনগুপ্ত
260 ## - PUBLICATION, DISTRIBUTION, ETC. (IMPRINT)
Place of publication, distribution, etc. কলিকাতা :
Name of publisher, distributor, etc. ফার্মা কে-এল মুখোপাধ্যায়,
Date of publication, distribution, etc. ১৯৫৭
300 ## - PHYSICAL DESCRIPTION
Pagination ১৪৭ পৃ. ;
Size ২২ সেমি.
650 ## - SUBJECT ADDED ENTRY--TOPICAL TERM
Topical term or geographic name as entry element সংস্কৃত ভাষা
Form subdivision ব্যাকরণ
9 (RLIN) 157006
Topical term or geographic name as entry element Sanskrit language
Form subdivision Grammar
9 (RLIN) 157007
942 ## - ADDED ENTRY ELEMENTS (KOHA)
Source of classification or shelving scheme Dewey Decimal Classification
Koha item type Books
Holdings
Lost status Source of classification or shelving scheme Damaged status Not for loan Collection code Permanent Location Current Location Shelving location Date acquired Source of acquisition Cost, normal purchase price Total Checkouts Full call number Date last seen Copy number Koha item type
  Dewey Decimal Classification     Non-fiction Central Library, University of Rajshahi Central Library, University of Rajshahi   16/04/1964 Firma K. L. Mukhopadlyay 5.00   B 491.25 SES 1957 21/09/2016 C-2 Books
  Dewey Decimal Classification   Not For Loan Non-fiction Central Library, University of Rajshahi Central Library, University of Rajshahi Reading Room 16/04/1964 5.00 0.00   B 491.25 SES 1957 21/01/2017 C-1 Books
  Dewey Decimal Classification     Non-fiction Central Library, University of Rajshahi Central Library, University of Rajshahi General Stacks 16/04/1964 K. L. Mukhopadhay 5.00   B 491.25 SES 1957 02/11/2025 C-3 Books